| 000 | 00788nam a2200277 a 4500 | ||
|---|---|---|---|
| 001 | vtls001316815 | ||
| 003 | NLI | ||
| 005 | 20210627051545.0 | ||
| 008 | 120608s1954 enk 000 0 eng | ||
| 039 | 9 |
_y201206081801 _zVLOAD |
|
| 040 |
_aNLI _beng _cDatasoft_IMP_S _eAACR2 |
||
| 041 | 1 | _aeng | |
| 044 | _a enk | ||
| 084 | _a156 | ||
| 245 | 0 | 0 |
_aMinorattic : _borators / _cEnglish translated by J. O. Burtt |
| 260 |
_aLondon : _bWilliam Heinemann, _c1954- |
||
| 300 |
_a-v. ; _c17 cm. |
||
| 500 | _aLibrary has vol.2 | ||
| 505 | 0 | _aVol.2 Lycurgus, demands, dinarchus, hyperides | |
| 650 | 0 | _aClassical literature | |
| 700 | 1 |
_aBurtt, J. O., _4trl _9757497 |
|
| 887 | _a | ||
| 901 |
_aIMP300621 _b02.09.1954 _9v.2 |
||
| 902 | _a156 G 243(L 82) | ||
| 999 |
_aVIRTUA40 _c634591 _d634591 |
||
| 942 |
_2ddc _cBKS |
||